| 000 | 01049naa a22002897a 4500 | ||
|---|---|---|---|
| 001 | BR6800253 | ||
| 003 | BR-BrBNA | ||
| 005 | 20240918173323.0 | ||
| 007 | ta | ||
| 008 | 230509b bl.||||| |||| 00| 0 por d | ||
| 040 |
_aBR-BrBNA _bpor _cBiblioteca Nacional de Agricultura |
||
| 041 | _a(Pt) | ||
| 072 |
_aQ10 _b0600 _bG514 |
||
| 090 | _aQ10 BR6800253 | ||
| 110 | 1 |
_aCentro Tropical de Pesquisas e Tecnologia de Alimentos, Campinas, SP (Brasil) _91889 |
|
| 245 | 1 | _aIndustrializacao de produtos vegetais [Fruta; Campinas; Brasil] | |
| 260 | 3 |
_aBrasilia, DF (Brasil): _c1968. |
|
| 500 | _aLivro anual da agricultura - 1968. Revolucao tecnologica Brasilia, DF (Brasil): 1968. p. 245-251 (BR6800253-AM)Q10 | ||
| 650 | _aTecnologia de alimento | ||
| 650 | _aFruta | ||
| 650 | _aIndustria agricola | ||
| 650 | _aCampinas | ||
| 650 | _aSao Paulo | ||
| 773 | 0 |
_tLivro anual da agricultura - 1968. Revolucao tecnologica _wQ10 BR6800253 _gBrasilia, DF (Brasil), 1968. p. 245-251 |
|
| 909 |
_a202404 _bLucia _c55 _dLucia Elande |
||
| 942 |
_cAM _2AGRIS |
||
| 999 |
_c303958 _d303958 |
||